Learning to Lead <The> Art of Transforming Managers into Leaders

Salvato in:
Dettagli Bibliografici
Autore principale: Conger, Jay A.
Natura: Libro
Lingua:inglese
Pubblicazione: San Francisco Jossey-Bass Publ. 1992
Edizione:1. ed.
Serie:<The> Jossey-Bass Management Series
Soggetti:
Tags: Aggiungi Tag
Nessun Tag, puoi essere il primo ad aggiungerne!!

MARC

LEADER 00000nam a2200000 4500
001 c019002
005 20221206084751.6
020 |a 1-55542-474-0 
041 0 |a eng 
044 |a US 
245 1 0 |a Learning to Lead  |b <The> Art of Transforming Managers into Leaders  |c Jay A. Conger 
250 |a 1. ed. 
264 1 |a San Francisco  |b Jossey-Bass Publ.  |c 1992 
300 |a 234 s. 
490 1 |a <The> Jossey-Bass Management Series 
830 0 |a <The> Jossey-Bass Management Series 
610 2 0 |a manažéri 
610 2 0 |a manažment 
610 2 0 |a riadenie 
610 2 0 |a riadenie vrcholové 
610 2 0 |a vedenie 
610 2 0 |a teória riadenia 
610 2 0 |a osobnosť 
610 2 0 |a vzdelanie odborné 
610 2 0 |a vzdelávanie 
100 1 |a Conger, Jay A.